<?xml version="1.0" encoding="UTF-8"?>
<record
    xmlns:xsi="http://www.w3.org/2001/XMLSchema-instance"
    xsi:schemaLocation="http://www.loc.gov/MARC21/slim http://www.loc.gov/standards/marcxml/schema/MARC21slim.xsd"
    xmlns="http://www.loc.gov/MARC21/slim">

  <leader>02068    a2200277 i 4500</leader>
  <controlfield tag="001">265283524</controlfield>
  <controlfield tag="003">MePoLT</controlfield>
  <controlfield tag="005">20240607114042.0</controlfield>
  <controlfield tag="008">240606b           ||||| |||| 00| 0 eng d</controlfield>
  <datafield tag="020" ind1=" " ind2=" ">
    <subfield code="a">9781119787778</subfield>
  </datafield>
  <datafield tag="038" ind1=" " ind2=" ">
    <subfield code="a">Malang Jan</subfield>
  </datafield>
  <datafield tag="040" ind1=" " ind2=" ">
    <subfield code="a">MePoLT</subfield>
    <subfield code="c">MePoLT</subfield>
    <subfield code="e">rda</subfield>
  </datafield>
  <datafield tag="082" ind1=" " ind2=" ">
    <subfield code="a">720.284</subfield>
    <subfield code="b">RAD</subfield>
  </datafield>
  <datafield tag="090" ind1=" " ind2="4">
    <subfield code="a">NA2700.S65</subfield>
  </datafield>
  <datafield tag="245" ind1="0" ind2="0">
    <subfield code="a">Radical Architectural Drawing /</subfield>
    <subfield code="c">edited by Neil Spiller</subfield>
  </datafield>
  <datafield tag="264" ind1=" " ind2="1">
    <subfield code="a">London:</subfield>
    <subfield code="b">John Wiley &amp; Sons;</subfield>
    <subfield code="c">2022.</subfield>
  </datafield>
  <datafield tag="300" ind1=" " ind2=" ">
    <subfield code="a">136p.:</subfield>
    <subfield code="b">ill;</subfield>
    <subfield code="c">27cm.</subfield>
  </datafield>
  <datafield tag="440" ind1="1" ind2="0">
    <subfield code="a">Architectural design</subfield>
    <subfield code="9">33235</subfield>
  </datafield>
  <datafield tag="490" ind1="1" ind2="0">
    <subfield code="a">Architectural design</subfield>
    <subfield code="v">vol:92,no:04</subfield>
  </datafield>
  <datafield tag="505" ind1=" " ind2=" ">
    <subfield code="a">Removing the Cataracts : Architectural Imagination / Neil Spiller -- Fantastical Monsters : The Persistent Memory of Machines / Aaron Betsky -- Constructing Indeterminacy : A D&#xE9;tournement of Didactic Models / Penelope Haralambidou -- Consistency in Change : Architecture for Optimistic Living / Ricardo de Ostos -- Shallow to Deep : Drawing as Close Encounter / Michael McGarry -- Visceral Encounters : Unevenness in Moments of Foundational Apprehension / Jason Young -- Making Rainbows : Landscapes for Negotiation / Sarah de Villiers -- Urban Cartographies : Drawing Seen Through Bacon's Painting / Peter Salter -- World-Shaping : Choreographies of Mapping and Construction / Robin Wilson -- A Moving Grove : Our Climate Future and Its Branching Possibilities / Nicholas de Monchaux -- Thick Fields and Aberrant Transmutations / Chris L Smith -- Hermeneutic Imagination : Drawing Out Freud / Alberto P&#xE9;rez-G&#xF3;mez -- King of Infinite Space : The Talisman and the Temple / Neil Spiller -- Moments - On the Dissecting Table / Wolfgang Tschapeller -- A Band of Colours : Spectral Assemblies / Ulrika Karlsson -- Valuing Drawings : The Tchoban Foundation / Neil Spiller.</subfield>
  </datafield>
  <datafield tag="520" ind1=" " ind2=" ">
    <subfield code="a">Radical Architectural Drawing (Architectural Design, Issue 4, July/August 2022, 92) by Neil Spiller (2022)</subfield>
  </datafield>
  <datafield tag="650" ind1=" " ind2=" ">
    <subfield code="a">Architectural drawing</subfield>
    <subfield code="9">25520</subfield>
  </datafield>
  <datafield tag="700" ind1="1" ind2=" ">
    <subfield code="a">Spiller,Neil</subfield>
    <subfield code="9">32763</subfield>
  </datafield>
  <datafield tag="942" ind1=" " ind2=" ">
    <subfield code="2">ddc</subfield>
    <subfield code="c">BK</subfield>
  </datafield>
  <datafield tag="999" ind1=" " ind2=" ">
    <subfield code="c">609533</subfield>
    <subfield code="d">609533</subfield>
  </datafield>
  <datafield tag="952" ind1=" " ind2=" ">
    <subfield code="0">0</subfield>
    <subfield code="1">0</subfield>
    <subfield code="2">ddc</subfield>
    <subfield code="4">0</subfield>
    <subfield code="7">0</subfield>
    <subfield code="a">SADA</subfield>
    <subfield code="b">SADA</subfield>
    <subfield code="d">2024-06-03</subfield>
    <subfield code="e">Golden Books</subfield>
    <subfield code="l">0</subfield>
    <subfield code="o">720.284 RAD 2022</subfield>
    <subfield code="p">SADA0003034</subfield>
    <subfield code="r">2024-06-06</subfield>
    <subfield code="t">01</subfield>
    <subfield code="v">9180.60</subfield>
    <subfield code="w">2024-06-06</subfield>
    <subfield code="y">BK</subfield>
  </datafield>
</record>
